Effect of seaweed liquid fertilizer with reduced rate of nitrogenous fertilizer on growth, yield and environment-friendly production of chilli / (Record no. 18235)

MARC details
000 -LEADER
fixed length control field 01132nam a22002777a 4500
001 - CONTROL NUMBER
control field BD-DhSAU 9278
003 - CONTROL NUMBER IDENTIFIER
control field BD-DhSAU
005 - DATE AND TIME OF LATEST TRANSACTION
control field 20260127164641.0
008 - FIXED-LENGTH DATA ELEMENTS--GENERAL INFORMATION
fixed length control field 150613b2018 bg a|||| m||| 00| 0 eng d
040 ## - CATALOGING SOURCE
Original cataloging agency BD-DhSAU
082 ## - DEWEY DECIMAL CLASSIFICATION NUMBER
Edition number 22
Classification number 635
Item number Ab56
100 ## - MAIN ENTRY--PERSONAL NAME
Personal name SULTANA, MST. ABIDA
Relator term Registration # 17-07594
245 ## - TITLE STATEMENT
Title Effect of seaweed liquid fertilizer with reduced rate of nitrogenous fertilizer on growth, yield and environment-friendly production of chilli /
Remainder of title MS thesis
260 ## - PUBLICATION, DISTRIBUTION, ETC. (IMPRINT)
Place of publication, distribution, etc. Sher-e-Bangla Agricultural University :
Name of publisher, distributor, etc. Department of Horticulture,
Date of publication, distribution, etc. 2024.
300 ## - PHYSICAL DESCRIPTION
Extent , 94p. :
Other physical details ill. ;
Dimensions 30 cm.
500 ## - GENERAL NOTE
General note MS thesis of Department of Horticulture, Faculty of Agriculture, Sher-e-Bangla Agricultural University, Dhaka, Bangladesh
504 ## - BIBLIOGRAPHY, ETC. NOTE
Bibliography, etc Includes bibliographical reference.
590 ## - Name of Cataloguer
Name of Cataloger Nazmul
650 ## - SUBJECT ADDED ENTRY--TOPICAL TERM
Topical term or geographic name as entry element seaweed liquid fertilizer
650 ## - SUBJECT ADDED ENTRY--TOPICAL TERM
Topical term or geographic name as entry element nitrogenous fertilizer
651 ## - SUBJECT ADDED ENTRY--GEOGRAPHIC NAME
Geographic name environment-friendly production of chilli
700 ## - ADDED ENTRY--PERSONAL NAME
Personal name Prof. Dr. Mohammad Humayun Kabir
Relator term Superviser
700 ## - ADDED ENTRY--PERSONAL NAME
Personal name Prof.. Dr. Md. Jahedur Rahman
Relator term Co-superviser
942 ## - ADDED ENTRY ELEMENTS (KOHA)
Source of classification or shelving scheme Dewey Decimal Classification
Koha item type MS Level Thesis
Holdings
Withdrawn status Lost status Source of classification or shelving scheme Damaged status Not for loan Collection code Home library Branch Name Date acquired Total Checkouts Full call number Barcode Date last seen Price effective from Koha item type
    Dewey Decimal Classification   Not For Loan Reference SAU Library SAU Library 27/01/2026   635 Ab56 46110 27/01/2026 27/01/2026 MS Level Thesis